| 000 | 00640nam a2200217Ia 4500 | ||
|---|---|---|---|
| 005 | 20231118092428.0 | ||
| 008 | 131103s9999 xx 000 0 und d | ||
| 020 | _a1851094717 | ||
| 040 | _aLoreto College | ||
| 041 | _aEnglish | ||
| 082 |
_a323 _bCOR |
||
| 100 | _aCornwell, Nancy C. | ||
| 245 |
_aFreedom of the Press _b Rights and Liberties Under The Law _cNancy C. Cornwell |
||
| 260 |
_aSanta Barbara, California _bABC-CLIO, Inc _c2004 |
||
| 300 | _axxiii,353p | ||
| 440 | _aAmerica's Freedoms | ||
| 504 | _aIncludes bibliographical references and index | ||
| 650 | _aFreedom of the Press | ||
| 850 | _aLCLIB | ||
| 942 | _cBK | ||
| 999 |
_c12775 _d63254 |
||